Statistics for New York Sports Teams

Click here to take the quiz!

General Stats

  • This quiz has been taken 36 times
  • The average score is 8 of 15

Answer Stats

HintAnswer% Correct
Is this a baseball team?Mets
94%
The OVERRATED AS HELL oneYankees
94%
Chokes in the playoffsNets
87%
The most creative boring logo in sportsKnicks
84%
Less sucky one but still sucksGiants
81%
The sucky oneJets
77%
The one everyone forgets is in New YorkBills
65%
I hate themRangers
61%
Small arenaIslanders
58%
Literally an Energy drinkRed Bulls
32%
Is this a team? What sport is it again?Sabers
26%
Home Run AppleCiti Field
6%
Small arena in the middle of fricin ManhattanMadison Square Garden
6%
Table smashersBills Mafia
3%
Not a baseball team but plays at Yankee StadiumNew York FC
3%

Score Distribution

Percentile by Number Answered

Percent of People with Each Score

Your Score History

You have not taken this quiz